| 000 | 01398nas a22002771i#4500 | ||
|---|---|---|---|
| 001 | 2233 | ||
| 003 | ES-MaACL | ||
| 005 | 20250724062602.0 | ||
| 007 | t| | ||
| 008 | 950801d18361857sp | | 1 ||pa d | ||
| 080 | _a7/8 | ||
| 080 | _a05(46.41)"18" | ||
| 245 | 0 | 0 | _aSemanario pintoresco español. |
| 260 |
_aMadrid : _bImp. Tomás Jordán, _c1836-1857 ( _fTip. del Semanario) |
||
| 300 |
_av : _bgrab ; _c29 cm. |
||
| 310 | _aSemanal | ||
| 362 | 0 | _aN. 1 (3 abr. 1836)-n. 144 (dic. 1838) ; 2. serie, t. 1, n. 1 (en. 1839)-2. serie, t. 4, n. 52 (dic. 1842), 3. serie, t. 1, n. 1 (en. 1843)-3. serie, año 10, t. 3, n. 51 (dic. 1845) ; nueva época, año 11, t. 1, n. 1 (en. 1846)-año 22, t. 12, n. 51 (20 dic. 1857) | |
| 555 | _aÍndices: año 1-10 (1836-1845) en: 3. serie, año 10, t. 3, n. 51. | ||
| 555 | _aÍndices elaborados por José Simón Díaz. Semanario pintoresco español (Madrid, 1836-1857). Madrid : Instituto Nicolás Antonio del CSIC. | ||
| 580 | _aAbsorbe a: El Siglo pintoresco = ISSN 2171-0546; El Renacimiento (Madrid) = ISSN 1889-9188; y a las publicaciones Semanario pintoresco literario y artístico , y España pintoresca y artístca de Van-Halen. | ||
| 650 | 7 |
_aCultura _2embne _9170963 |
|
| 700 | 1 |
_aGironella, Gervasio. _9174878 |
|
| 852 |
_aES-MaACL _jR-2555-71 _x Olim: B-5215-31 |
||
| 866 | 0 | _o1836-46,1848-49,1851,1853-55. | |
| 999 |
_c2233 _d2233 |
||